000 00463nam a2200181Ia 4500
001 16022
005 20260306170239.0
008 260306t1997||||xx |||||||||||||| ||und||
041 _aESP
082 _a346.52
_bP32
100 _aLohman Luca de Tena, Juan Guillermo [1952-...]
_eAUT
245 0 _aLa responsabilidad por productos defectuosos
260 _c1997
300 _apágs. :
_c20 cm.
650 _aGEN
654 _aCDE
942 _cLIB
_dJUS
_fJUS
_2ddc
_n
999 _c16022
_d16022